000 00550nmm a2200205 a 4500
003 AR-BaBNM
005 20251128204249.0
008 267019s1943 ||||||||||||||000 | spa||
040 _cAR-BaBNM
100 1 _aPodestá Costa, Luis A.
245 1 0 _aManual de derecho internacional público
260 _aBuenos Aires
_bEl Ateneo
_c1943
300 0 _a524 p.
500 0 _aIndice p. 513-524
650 4 _aDERECHO INTERNACIONAL PUBLICO
650 4 _aRELACIONES INTERNACIONALES
650 4 _aENSENANZA DEL DERECHO
942 _cBK
998 _cAndrea
999 _c6770
_d6770